Môžu tehotné liezť?

Bibliographic Details
Main Author: Levin-Gervasi, Stefani (Author)
Other Authors: Linek, Vladimír, 1964- (Translator)
Format: Article
Language:Slovak
Subjects:

MARC

LEADER 00000nab a2200000Ia 4500
001 vtls010708778
003 SK-MaSNL
005 20260304194318.0
008 250709|1998 xo |||||||||||||||||slo|
035 |a (urnnbn)urn:nbn:sk:snk:ar-a043vy 
035 |a (uuid)e4d53505-43c1-404d-bdf7-dff6e097e39c 
035 |a urn:nbn:sk:snk-ab3cjx 
040 |a SNKBUCL  |b slo  |c SNKBUCL  |e AACR2 
041 0 |a slo 
044 |a xo  |c SK 
080 |a 618.2/.3  |2 2001 
080 |a 796.52  |2 2001 
080 |a 659.2  |2 2001 
100 1 |a Levin-Gervasi, Stefani  |4 aut  |9 1528587 
245 1 0 |a Môžu tehotné liezť?  |c Stefani Levin-Gervasi, Vlado Linek 
650 0 7 |a tehotenstvo  |2 SNKPH  |9 2477 
650 0 7 |a horolezectvo  |2 SNKPH  |9 1050 
650 0 7 |a poradenstvo  |2 SNKPH  |9 3604 
700 1 |a Linek, Vladimír,  |d 1964-  |4 trl  |9 217584 
773 0 |t Jamesák : odborný, metodický a informačný časopis Slovenského horolezeckého spolku James  |g Roč. 30, č. 4 (1998), s. 35 
850 |a Slovenská národná knižnica 
852 |a Slovenská národná knižnica 
954 |a odborná, vedecká literatúra pôvodná (slovenská)  |2 lita 
958 |a article1 
958 |a OND 
958 |a EUIPO 
999 |c 3073545  |d 3075475